00246nam a2200097Ia 4500008004100000100002000041245003300061260002800094300000800122650001800130191201s2004 xx 000 0 und d aHUBBARD, John R 4aThe Royal Road to Card Magic aN.DelhibNew Dawnc2004 a292 aGeneral Books